Особенности экологии гидробионтов нижней Лены / (Record no. 206711)
[ view plain ]
| 000 -LEADER | |
|---|---|
| fixed length control field | 01393nam a2200277 i 4500 |
| 001 - CONTROL NUMBER | |
| control field | 000546010 |
| 003 - CONTROL NUMBER IDENTIFIER | |
| control field | AM-YeHGA |
| 005 - DATE AND TIME OF LATEST TRANSACTION | |
| control field | 20250617135749.0 |
| 008 - FIXED-LENGTH DATA ELEMENTS--GENERAL INFORMATION | |
| fixed length control field | 070720s1987 ||| r 000 0 rus d |
| 040 ## - CATALOGING SOURCE | |
| Original cataloging agency | AM-YeHGA |
| 041 0# - LANGUAGE CODE | |
| Language code of text/sound track or separate title | rus |
| 090 ## - LOCALLY ASSIGNED LC-TYPE CALL NUMBER (OCLC); LOCAL CALL NUMBER (RLIN) | |
| -- | 208214 |
| 245 00 - TITLE STATEMENT | |
| Title | Особенности экологии гидробионтов нижней Лены / |
| Statement of responsibility, etc. | Д.Л. Венглинский, Т.М. Лабутина, Р.И. Огай и др.; Отв. ред.: Ф.Н. Кириллов; АН СССР, Сиб. отд-ние, Якут. фил., Ин-т биологии. |
| 260 ## - PUBLICATION, DISTRIBUTION, ETC. | |
| Place of publication, distribution, etc. | Якутск : |
| Name of publisher, distributor, etc. | ЯФ СО АН СССР, |
| Date of publication, distribution, etc. | 1987. |
| 300 ## - PHYSICAL DESCRIPTION | |
| Extent | 182 с. : |
| Other physical details | [1] л. ил., ил. ;. |
| 500 ## - GENERAL NOTE | |
| General note | Авт. указаны на обороте тит. л. |
| 504 ## - BIBLIOGRAPHY, ETC. NOTE | |
| Bibliography, etc. note | Библиогр.: с. 168-181 |
| 653 0# - INDEX TERM--UNCONTROLLED | |
| Uncontrolled term | Гидробиологические исследования - Лена, р. |
| 653 0# - INDEX TERM--UNCONTROLLED | |
| Uncontrolled term | Ихтиологические исследования - Лена, р. |
| 653 0# - INDEX TERM--UNCONTROLLED | |
| Uncontrolled term | Лена, р. |
| 700 1# - ADDED ENTRY--PERSONAL NAME | |
| Personal name | Венглинский, Джон Леонидович |
| 700 1# - ADDED ENTRY--PERSONAL NAME | |
| Personal name | Лабутина, Тамара Митрофановна |
| 700 1# - ADDED ENTRY--PERSONAL NAME | |
| Personal name | Огай, Роза Иннокентьевна |
| 700 1# - ADDED ENTRY--PERSONAL NAME | |
| Personal name | Кириллов, Федор Николаевич |
| Relator term | ред. |
| Relationship | edt |
| 710 2# - ADDED ENTRY--CORPORATE NAME | |
| Corporate name or jurisdiction name as entry element | Институт биологии СО АН СССР. |
| Subordinate unit | Якутский филиал |
| Withdrawn status | Lost status | Damaged status | Not for loan | Collection | Home library | Current library | Date acquired | Total checkouts | Full call number | Barcode | Date last seen | Price effective from | Koha item type | Public note |
|---|---|---|---|---|---|---|---|---|---|---|---|---|---|---|
| General | Fundamental Scientific Library | Fundamental Scientific Library | 28/12/2016 | РII/599173 | 120599173 | 28/12/2016 | 28/12/2016 | Գրքեր / Books | 30 Days Loan | |||||
| General | Fundamental Scientific Library | Fundamental Scientific Library | 28/12/2016 | РII/599174 | 120599174 | 28/12/2016 | 28/12/2016 | Գրքեր / Books | 30 Days Loan |
ՀՀ Գիտությունների ազգային ակադեմիայի հիմնարար գիտական գրադարան = Fundamental Scientific Library of NAS RA
All site content, except where otherwise noted, is licensed under a